Maiores partidos do Brasil em número de filiados - Statistics

Estatísticas Gerais
  • Esse quiz foi jogado 78 vezes
  • A pontuação média é 9 de 12
Estatísticas das Respostas
Filiados Partido % Correto
898.633 PL
100%
1.674.070 PT
100%
467.989 PSD
98%
2.052.514 MDB
84%
1.284.762 PSDB
82%
1.094.333 PDT
75%
1.309.421 PP
72%
1.086.715 União Brasil
70%
649.849 PSB
68%
568.157 Republicanos
60%
808.726 Podemos
32%
1.308.810 PRD
21%
Nenhum quiz correspondente encontrado
Distribuição das Pontuações
Porcentagem de Pessoas com Cada Pontuação
Percentil de Números Respondidos
Sua Pontuação Histórica
Você não jogou esse quiz